Normal view MARC view

Entry Personal Name

Number of records used in: 1

001 - CONTROL NUMBER

  • control field: 257563

003 - CONTROL NUMBER IDENTIFIER

  • control field: St Aloysius Coll

005 - DATE AND TIME OF LATEST TRANSACTION

  • control field: 20260303161648.0

008 - FIXED-LENGTH DATA ELEMENTS

  • fixed length control field: 260303|| aca||aabn | a|a d

040 ## - CATALOGING SOURCE

  • Original cataloging agency: St Aloysius Coll
  • Transcribing agency: St Aloysius Coll

100 ## - HEADING--PERSONAL NAME

  • Personal name: Yeh, Jennifer

670 ## - SOURCE DATA FOUND

  • Source citation: Work cat.: (St Aloysius Coll)240994: Paul G Hewitt 257559, Conceptual integrated science, 2023